| 000 | 01201nam a2200313 i 4500 | ||
|---|---|---|---|
| 003 | EG-GICUC | ||
| 005 | 20260121191124.0 | ||
| 008 | 260121s2004 ua ||||fr|||| 00| 0 ara d | ||
| 017 | _a2004/20194 | ||
| 040 |
_a EG-GICUC _bara _c EG-GICUC _d EG-GICUC _erda |
||
| 041 | _aara | ||
| 082 | 0 | 4 |
_221 _a343.3844 _bم ح . ق |
| 092 | 0 | 4 | _221 |
| 099 | _aLaw1 10 343.3844 م ح . ق2004 | ||
| 100 | 0 |
_aمحمود سامى قرنى _eمؤلف. |
|
| 245 | 1 | 2 |
_aالقصور فى التسبيب كأحد أسباب الطعن بالنقض فى المواد الجنائية : _bدراسة مقارنة / _cتأليف دكتور محمود سامى قرنى. |
| 264 | 1 |
_aالقاهرة : _bدارالنهضة العربية، _c2004. |
|
| 300 |
_a192 صفحة ; _c24 سم. |
||
| 336 |
_2rda content _atext |
||
| 337 |
_2rda media _aComputer |
||
| 338 |
_2rda carrier _aOnline Resource |
||
| 504 | _aيشتمل على إرجاعات ببليوجرافية. | ||
| 650 | 1 | _aالقانون الجنائي | |
| 650 | 1 | _a قانون الإجراءات الجنائية | |
| 650 | 1 | _aالنقض | |
| 856 | 4 | 0 | _uhttps://fll.law.cu.edu.eg/fulltext/bks/B10-05985.pdf |
| 905 | _a43 | ||
| 942 |
_2ddc _n0 _cBK _e21 |
||
| 999 |
_c58549 _d58549 |
||